00652nam a2200181 4500001000700000003000900007005001700016007000300033008004100036100003100077245010200108260003800210300002200248700002700270852003200297999001900329952012200348111908ES-MaACL20230906185401.0t|061121s1968 sp r ||||1| spa d1 aNewland, Mary Reed.98548513aLa Biblia y la familia / cpor Mary Reed Newland; [versión española de Antonio Diego, S. J.]. aSantander : bSal Terrae, c1968. a280 p. ; c22 cm.1 aDiego, Antonio.944536 aES-MaACLjC-50466 bR.65802 c111908d111908 00104070aATENEOMbATENEOMcDEPO2d2008-01-17eSCl0oC-50466p1116735r2023-02-23 00:00:00w2023-02-23yMONOGRAFIA